| 000 | 01167nam a22002777a 4500 | ||
|---|---|---|---|
| 005 | 20240530110451.0 | ||
| 008 | 150506s2010 jo g 000 0 ara d | ||
| 017 |
_a2009/6/2694 _bالاردن . دار الكتب الاردنية |
||
| 040 | _aEG-CaGPL | ||
| 082 | 0 | 4 |
_221 _a245\ _bأ م |
| 100 | 0 | _aابو الحسن محيى الدين الحسنى | |
| 245 | 1 | 0 |
_aمنهج اهل البيت : _bفى مفهوم المذاهب الاسلامية مع دراسة لبعض الكتب المذهبية وسبل التقريب / _cابو الحسن محيى الدين الحسنى |
| 250 | _aط1 | ||
| 260 |
_aاربد (الاردن ) : _bدار الامل للنشر و التوزيع ، _c2010 . |
||
| 300 |
_a197 ص ؛ _c24 سم . |
||
| 650 | 0 | 4 |
_aاهل البيت الرسول _xالانساب |
| 650 | 0 | 4 | _aعلم الكلام |
| 650 | 0 | 4 | _aاللهوت ، علم |
| 650 | 0 | 4 | _aالسيرة النبوية |
| 650 | 0 | 4 |
_aالسنة _xروايتها و اقسامها |
| 650 | 0 | 4 |
_aالسنة _xحجيتها |
| 650 | 0 | 4 | _aعقائد السنة |
| 650 | 0 | 4 | _aعقائد الشيعة |
| 942 |
_2ddc _cBK |
||
| 999 |
_c61240 _d61240 |
||